Mathematics connections : (Record no. 16649)
[ view plain ]
| 000 -LEADER | |
|---|---|
| fixed length control field | 00585cam a2200205Ia 4500 |
| 040 ## - CATALOGING SOURCE | |
| Transcribing agency | JQL |
| 082 ## - DEWEY DECIMAL CLASSIFICATION NUMBER | |
| Classification number | 511 GLE 1996 A109 Or. |
| 245 00 - TITLE STATEMENT | |
| Title | Mathematics connections : |
| Remainder of title | integrated and applied / |
| 250 ## - EDITION STATEMENT | |
| Edition statement | Teacher's wraparound ed |
| 260 ## - PUBLICATION, DISTRIBUTION, ETC. (IMPRINT) | |
| Place of publication | New York, N.Y. : |
| Name of publisher | Glencoe/McGraw-Hill, |
| Year of publication | c1996 |
| 300 ## - PHYSICAL DESCRIPTION | |
| Number of Pages | 1550 p. : |
| Other physical details | col. ill. ; |
| Dimensions | 29 cm |
| 500 ## - GENERAL NOTE | |
| General note | Includes index |
| 650 #0 - SUBJECT ADDED ENTRY--TOPICAL TERM | |
| Topical Term | Consumer education |
| 650 #0 - SUBJECT ADDED ENTRY--TOPICAL TERM | |
| Topical Term | Finance, Personal |
| 650 #0 - SUBJECT ADDED ENTRY--TOPICAL TERM | |
| Topical Term | Business mathematics |
| 650 #0 - SUBJECT ADDED ENTRY--TOPICAL TERM | |
| Topical Term | Mathematics |
| 700 1# - ADDED ENTRY--PERSONAL NAME | |
| Personal name | Ashlock, Robert B., |
| 710 2# - ADDED ENTRY--CORPORATE NAME | |
| Corporate name or jurisdiction name as entry element | Glencoe/McGraw-Hill |
| 942 ## - ADDED ENTRY ELEMENTS (KOHA) | |
| Koha item type | សៀវភៅភាសាអង់គ្លេស |
| 952 ## - LOCATION AND ITEM INFORMATION (KOHA) | |
| Withdrawn status [LOCAL, KOHA] | 0 |
| Permanent Location | Date acquired | Koha item type | Lost status | Shelving location | Barcode | Current Location | Full call number |
|---|---|---|---|---|---|---|---|
| Library Block A | 2018-03-21 | សៀវភៅភាសាអង់គ្លេស | A106 | A18772 | Library Block A | 511 GLE 1996 A106 Or. |